[Event "RUS-chT2"]
[Site "Sochi"]
[Date "2025.04.30"]
[Round "5.2"]
[White "Samusenko, Maksim"]
[Black "Rostovtsev, Dmitry"]
[Result "1/2-1/2"]
[WhiteElo "2452"]
[BlackElo "2321"]
[PlyCount "67"]
[EventDate "2025.04.26"]
[EventType "team-swiss"]
[EventRounds "9"]
[EventCountry "RUS"]
[SourceTitle "CB19_2025"]
[SourceDate "2025.05.07"]
[SourceVersion "1"]
[SourceVersionDate "2025.05.07"]
[SourceQuality "1"]
[WhiteTeam "Tatarstan"]
[BlackTeam "Moscow Formula Shakhmat"]
[WhiteTeamCountry "RUS"]
[BlackTeamCountry "RUS"]

1. d4 f5 2. Nc3 Nf6 3. Bg5 d5 4. e3 e6 5. Nf3 Nbd7 6. Bd3 a6 7. Ne2 h6 8. Bf4 c5 9. c4 dxc4 10. Bxc4 Nb6 11. Bd3 c4 12. Bc2 Bb4+ 13. Nd2 Nbd5 14. a3 Ba5 15. 0-0 b5 16. Be5 Bb7 17. e4 Bxd2 18. Qxd2 Nxe4 19. Bxe4 fxe4 20. Bxg7 Rh7 21. Be5 Qg5 22. Qxg5 hxg5 23. Rfe1 e3 24. f3 b4 25. Rec1 a5 26. axb4 axb4 27. Rxa8+ Bxa8 28. Rxc4 Ra7 29. Rc1 Ra2 30. Rb1 Bc6 31. Nc1 Ra8 32. Nb3 Ra2 33. Nc1 Ra8 34. Nb3 1/2-1/2

[Event "Moscow Ivi GP op"]
[Site "Moscow"]
[Date "2025.03.14"]
[Round "10"]
[White "Samusenko, Maksim"]
[Black "Gharibyan, Mamikon"]
[Result "1/2-1/2"]
[WhiteElo "2425"]
[BlackElo "2473"]
[PlyCount "24"]
[EventDate "2025.03.08"]
[EventType "swiss"]
[EventRounds "10"]
[EventCountry "RUS"]
[SourceTitle "CB12_2025"]
[SourceDate "2025.03.19"]
[SourceVersion "1"]
[SourceVersionDate "2025.03.19"]
[SourceQuality "1"]

1. e4 e6 2. d4 d5 3. Nd2 c5 4. exd5 Qxd5 5. Ngf3 cxd4 6. Bc4 Qd7 7. 0-0 Nc6 8. Nb3 a6 9. a4 Nf6 10. Qe2 Qc7 11. Rd1 Bd7 12. Nbxd4 Nxd4 1/2-1/2

[Event "Moscow Ivi GP op"]
[Site "Moscow"]
[Date "2025.03.13"]
[Round "9"]
[White "Samusenko, Maksim"]
[Black "Ponkratov, Pavel"]
[Result "0-1"]
[WhiteElo "2425"]
[BlackElo "2555"]
[PlyCount "76"]
[EventDate "2025.03.08"]
[EventType "swiss"]
[EventRounds "10"]
[EventCountry "RUS"]
[SourceTitle "CB12_2025"]
[SourceDate "2025.03.19"]
[SourceVersion "1"]
[SourceVersionDate "2025.03.19"]
[SourceQuality "1"]

1. e4 c5 2. Nf3 Nc6 3. Nc3 Nf6 4. Bb5 Qc7 5. 0-0 Nd4 6. Re1 a6 7. Bf1 Ng4 8. e5 h5 9. Nd5 Qc6 10. Nxd4 cxd4 11. Nf4 g5 12. Nd3 d6 13. c3 dxe5 14. Nxe5 Nxe5 15. Rxe5 g4 16. Qe1 Qd6 17. d3 Bg7 18. Bf4 Be6 19. c4 Qc6 20. Re2 Bf6 21. Qd2 h4 22. Rae1 h3 23. g3 Rh5 24. Be5 Bxe5 25. Rxe5 Rxe5 26. Rxe5 f6 27. Re1 Bf5 28. Qh6 0-0-0 29. Qd2 e5 30. b4 Kb8 31. f4 gxf3 32. Kf2 Re8 33. Qd1 Bg4 34. a3 f5 35. Qd2 Qa4 36. Qb2 Qd7 37. Qd2 Qd6 38. Rd1 e4 0-1

[Event "Moscow Ivi GP op"]
[Site "Moscow"]
[Date "2025.03.10"]
[Round "5"]
[White "Gorovets, Andrey"]
[Black "Samusenko, Maksim"]
[Result "1/2-1/2"]
[WhiteElo "2465"]
[BlackElo "2425"]
[PlyCount "62"]
[EventDate "2025.03.08"]
[EventType "swiss"]
[EventRounds "10"]
[EventCountry "RUS"]
[SourceTitle "CB12_2025"]
[SourceDate "2025.03.19"]
[SourceVersion "1"]
[SourceVersionDate "2025.03.19"]
[SourceQuality "1"]

1. d4 Nf6 2. c4 g6 3. Nc3 Bg7 4. e4 d6 5. f3 0-0 6. Nge2 a6 7. Be3 Nbd7 8. Qd2 b5 9. h4 h5 10. cxb5 axb5 11. Nxb5 c6 12. Nbc3 e5 13. Bh6 Bxh6 14. Qxh6 Qb6 15. Qd2 Ba6 16. 0-0-0 Rfb8 17. b3 c5 18. dxe5 dxe5 19. Na4 Qb7 20. Nec3 Bxf1 21. Rhxf1 c4 22. Qb2 Qc6 23. Kd2 Nf8 24. Ke1 Rb4 25. Rf2 Rab8 26. Rfd2 Qc7 27. Qc1 cxb3 28. axb3 Rxb3 29. Ne2 Qa7 30. Nc5 R3b5 31. Rc2 Qe7 1/2-1/2

[Event "Moscow Ivi GP op"]
[Site "Moscow"]
[Date "2025.03.08"]
[Round "2"]
[White "Samusenko, Maksim"]
[Black "Karpenko, Anton"]
[Result "1-0"]
[WhiteElo "2425"]
[BlackElo "2207"]
[PlyCount "75"]
[EventDate "2025.03.08"]
[EventType "swiss"]
[EventRounds "10"]
[EventCountry "RUS"]
[SourceTitle "CB12_2025"]
[SourceDate "2025.03.19"]
[SourceVersion "1"]
[SourceVersionDate "2025.03.19"]
[SourceQuality "1"]

1. e4 c5 2. Nf3 d6 3. Bb5+ Bd7 4. c4 Nf6 5. Nc3 g6 6. 0-0 Bg7 7. Bxd7+ Nbxd7 8. Rb1 Rc8 9. d3 0-0 10. b4 cxb4 11. Rxb4 Qa5 12. a3 a6 13. Bd2 Qxa3 14. Rb3 Qa5 15. Rxb7 Nc5 16. Nd5 Qd8 17. Nxe7+ Kh8 18. Ra7 Ra8 19. Rxa8 Qxa8 20. Bc3 Qb7 21. Nd5 Nxd5 22. Bxg7+ Kxg7 23. exd5 Rb8 24. h4 h5 25. Qe1 Qb4 26. Qe3 a5 27. Ng5 Rb7 28. f4 Nb3 29. Kh1 Qd2 30. Qg3 Nd4 31. f5 Qe2 32. f6+ Kh6 33. Qxd6 Qxf1+ 34. Kh2 Ne6 35. dxe6 Qxf6 36. Qf8+ Qg7 37. e7 Rxe7 38. Qxe7 1-0

[Event "Moscow Aeroflot op-A"]
[Site "Moscow"]
[Date "2025.03.04"]
[Round "6"]
[White "Samusenko, Maksim"]
[Black "Makarian, Rudik"]
[Result "1/2-1/2"]
[WhiteElo "2425"]
[BlackElo "2547"]
[PlyCount "159"]
[EventDate "2025.03.01"]
[EventType "swiss"]
[EventRounds "9"]
[EventCountry "RUS"]
[SourceTitle "CB11_2025"]
[SourceDate "2025.03.12"]
[SourceVersion "1"]
[SourceVersionDate "2025.03.12"]
[SourceQuality "1"]

1. e4 e6 2. d4 d5 3. Nd2 c5 4. exd5 Qxd5 5. Ngf3 cxd4 6. Bc4 Qd7 7. 0-0 Nc6 8. Nb3 a6 9. a4 Nge7 10. Qe2 Ng6 11. Rd1 Qc7 12. Nbxd4 Nxd4 13. Rxd4 Bc5 14. Rd1 0-0 15. b3 Kh8 16. Be3 b6 17. Bxc5 Qxc5 18. Qe3 Qc7 19. Bd3 Bb7 20. Bxg6 Bxf3 21. Qxf3 hxg6 22. c4 Rad8 23. Rxd8 Rxd8 24. Rd1 a5 25. g3 Kg8 26. h4 Rd6 27. Kg2 f5 28. Rd3 Kh7 29. Qd1 Qc6+ 30. Kh2 Rxd3 31. Qxd3 Qc5 32. Kg2 Qe5 33. Qd8 Qe4+ 34. Kh2 Qc6 35. Kg1 Qc5 36. Qe8 Qd6 37. h5 e5 38. hxg6+ Kh6 39. Kg2 e4 40. Qf7 Qe5 41. Qg8 Kxg6 42. Qd8 Qe6 43. Qd4 Qc6 44. Kg1 Kf7 45. Kf1 Kg6 46. Kg1 Qc5 47. Qd7 Kf6 48. Qd8+ Ke5 49. Qg5 g6 50. Qf4+ Kf6 51. Qh6 Qd6 52. Kg2 Ke7 53. Qg7+ Ke8 54. Qb7 Kf8 55. Qh7 Qc6 56. Kg1 Ke8 57. Qg7 Kd8 58. Qe5 Kd7 59. Qg7+ Kc8 60. Qf8+ Kb7 61. Qf7+ Ka6 62. Qe7 Qc8 63. Kf1 Qh8 64. Kg2 Qc3 65. Qc7 Qf3+ 66. Kg1 e3 67. fxe3 Qxe3+ 68. Kg2 Qe4+ 69. Kg1 Qe3+ 70. Kg2 Qe4+ 71. Kg1 Qe6 72. Qb8 Qc6 73. Kh2 g5 74. Qf8 Qe4 75. Qc8+ Ka7 76. Qd7+ Kb8 77. Qd8+ Kb7 78. Qd7+ Kb8 79. Qd8+ Kb7 80. Qd7+ 1/2-1/2

[Event "RUS-ch Blitz"]
[Site "Sochi"]
[Date "2024.10.14"]
[Round "8"]
[White "Samusenko, Maksim"]
[Black "Kezin, Roman"]
[Result "1-0"]
[WhiteElo "2431"]
[BlackElo "2475"]
[PlyCount "67"]
[EventDate "2024.10.14"]
[EventType "swiss (blitz)"]
[EventRounds "13"]
[EventCountry "RUS"]
[SourceTitle "CB43_2024"]
[Source "Chessbase"]
[SourceDate "2024.10.23"]
[SourceVersion "1"]
[SourceVersionDate "2024.10.23"]
[SourceQuality "1"]

1. e4 c5 2. Nf3 e6 3. d4 cxd4 4. Nxd4 Nc6 5. Nc3 Qc7 6. Be2 Nf6 7. Ndb5 Qb8 8. f4 a6 9. e5 axb5 10. exf6 b4 11. fxg7 Bxg7 12. Nb5 d5 13. 0-0 0-0 14. c3 Bd7 15. Be3 bxc3 16. bxc3 Ne7 17. Bd4 Bxb5 18. Bxb5 Bxd4+ 19. cxd4 Ra3 20. Kh1 Nf5 21. Bd3 Ne3 22. Bxh7+ Kg7 23. Qh5 Rh8 24. Qg5+ Kf8 25. Qh6+ Ke7 26. Qg5+ Kd7 27. Qg7 Nxf1 28. Qxf7+ Kd6 29. Rxf1 Qc7 30. Qf6 Rxh7 31. f5 Qe7 32. Qe5+ Kd7 33. Rc1 Qd8 34. Qxe6# 1-0

[Event "Minsk Bronstein Memorial op"]
[Site "Minsk"]
[Date "2024.07.19"]
[Round "9"]
[White "Samusenko, Maksim"]
[Black "Strybuk, Artsiom I"]
[Result "1-0"]
[WhiteElo "2420"]
[BlackElo "2426"]
[PlyCount "115"]
[EventDate "2024.07.12"]
[EventType "swiss"]
[EventRounds "10"]
[EventCountry "BLR"]
[SourceTitle "EXT 2025"]
[Source "ChessBase"]
[SourceDate "2024.10.14"]
[SourceVersion "1"]
[SourceVersionDate "2024.10.14"]
[SourceQuality "1"]

1. e4 c5 2. Nf3 d6 3. d4 cxd4 4. Nxd4 Nf6 5. Nc3 Nc6 6. Bg5 e6 7. Qd2 a6 8. 0-0-0 Bd7 9. Kb1 Nxd4 10. Qxd4 Be7 11. f4 Bc6 12. f5 h6 13. Bh4 exf5 14. exf5 0-0 15. Be2 Re8 16. Bf3 Qa5 17. Rhf1 d5 18. Rfe1 Bc5 19. Qf4 Rxe1 20. Bxe1 Qb6 21. Na4 Bxa4 22. Qxa4 Bd6 23. Bc3 Qc6 24. Qxc6 bxc6 25. h3 a5 26. a4 Bb4 27. Bd4 Ne4 28. c3 Bf8 29. c4 Bb4 30. cxd5 cxd5 31. Be3 Nf6 32. Bxd5 Re8 33. Bf4 Nxd5 34. Rxd5 Re1+ 35. Ka2 Re2 36. g4 Bc3 37. Rb5 Re4 38. Bc7 Be1 39. b3 Re2+ 40. Kb1 Re3 41. Re5 Rxb3+ 42. Ka2 Rb7 43. Bxa5 Bxa5 44. Rxa5 Rb4 45. Ka3 Re4 46. Rb5 Re1 47. a5 g6 48. fxg6 fxg6 49. Kb4 Re4+ 50. Kc5 Re5+ 51. Kc6 Re6+ 52. Kb7 Re7+ 53. Ka8 Re6 54. Rb6 Re3 55. a6 Rxh3 56. a7 Re3 57. Rxg6+ Kh7 58. Rb6 1-0

[Event "Minsk Bronstein Memorial op"]
[Site "Minsk"]
[Date "2024.07.12"]
[Round "1"]
[White "Samusenko, Maksim"]
[Black "Murmantsava, Maryia"]
[Result "1-0"]
[WhiteElo "2420"]
[BlackElo "1607"]
[PlyCount "37"]
[EventDate "2024.07.12"]
[EventType "swiss"]
[EventRounds "10"]
[EventCountry "BLR"]
[SourceTitle "EXT 2025"]
[Source "ChessBase"]
[SourceDate "2024.10.14"]
[SourceVersion "1"]
[SourceVersionDate "2024.10.14"]
[SourceQuality "1"]

1. d4 g6 2. e4 Bg7 3. Nc3 d6 4. Be3 Nf6 5. Qd2 c6 6. Bh6 Bxh6 7. Qxh6 e5 8. Nf3 Qe7 9. dxe5 dxe5 10. Bc4 Rf8 11. 0-0 Bg4 12. Ng5 b5 13. Bb3 Kd8 14. h3 Bd7 15. f4 exf4 16. Rxf4 Be6 17. Bxe6 fxe6 18. Qxf8+ Qxf8 19. Nxe6+ 1-0

[Event "RUS-chT2"]
[Site "Sochi"]
[Date "2024.05.08"]
[Round "7.3"]
[White "Samusenko, Maksim"]
[Black "Kozionov, Kirill"]
[Result "1-0"]
[WhiteElo "2435"]
[BlackElo "2444"]
[PlyCount "59"]
[EventDate "2024.05.01"]
[EventType "team-swiss"]
[EventRounds "9"]
[EventCountry "RUS"]
[SourceTitle "CBM 220 Extra"]
[Source "ChessBase"]
[SourceDate "2024.07.31"]
[SourceVersion "1"]
[SourceVersionDate "2024.07.31"]
[SourceQuality "1"]
[WhiteTeam "Tatarstan"]
[BlackTeam "Moscow Formula Shakhmat"]
[WhiteTeamCountry "RUS"]
[BlackTeamCountry "RUS"]

1. e4 c6 2. d4 d5 3. exd5 cxd5 4. Bd3 Nc6 5. c3 Nf6 6. Bf4 Bg4 7. Qb3 Qd7 8. Nd2 e6 9. Ngf3 Bxf3 10. Nxf3 Bd6 11. Bxd6 Qxd6 12. 0-0 0-0 13. Rfe1 Qc7 14. Qc2 g6 15. Qd2 Kg7 16. h4 Rab8 17. Re3 b5 18. Rae1 b4 19. Ng5 Rfe8 20. Rf3 bxc3 21. Qxc3 h6 22. Bxg6 Kxg6 23. Re5 Qd7 24. Rg3 Nxe5 25. dxe5 hxg5 26. Rxg5+ Kh7 27. exf6 Rg8 28. Rh5+ Kg6 29. Qe5 Rh8 30. Rxh8 1-0

[Event "RUS-chT2"]
[Site "Sochi"]
[Date "2024.05.03"]
[Round "3.19"]
[White "Samusenko, Maksim"]
[Black "Yakimenko, Alexander A"]
[Result "1-0"]
[WhiteElo "2435"]
[BlackElo "2019"]
[PlyCount "74"]
[EventDate "2024.05.01"]
[EventType "team-swiss"]
[EventRounds "9"]
[EventCountry "RUS"]
[SourceTitle "CBM 220 Extra"]
[Source "ChessBase"]
[SourceDate "2024.07.31"]
[SourceVersion "1"]
[SourceVersionDate "2024.07.31"]
[SourceQuality "1"]
[WhiteTeam "Tatarstan"]
[BlackTeam "Veterany FShM"]
[WhiteTeamCountry "RUS"]
[BlackTeamCountry "RUS"]

1. e4 e6 2. d4 d5 3. e5 c5 4. c3 Nc6 5. Nf3 Qb6 6. Bd3 Bd7 7. dxc5 Bxc5 8. 0-0 a5 9. Qe2 Nge7 10. Nbd2 a4 11. b4 axb3 12. Nxb3 Ba3 13. Rb1 Bxc1 14. Rfxc1 Qa7 15. c4 0-0 16. cxd5 exd5 17. Nc5 Bc8 18. e6 fxe6 19. Ng5 g6 20. Ngxe6 Bxe6 21. Qxe6+ Rf7 22. a4 b6 23. Nd7 b5 24. axb5 Qxf2+ 25. Kh1 Nd4 26. Qe1 Qxe1+ 27. Rxe1 Nef5 28. Nc5 Rc7 29. Na6 Rc3 30. Bf1 Nd6 31. b6 Nc2 32. Re6 Na3 33. Rd1 Nac4 34. Bxc4 Rxc4 35. Rxd6 Re8 36. b7 Rd4 37. Rg1 Ra4 1-0

[Event "Pavlodar op-A"]
[Site "Pavlodar"]
[Date "2023.10.23"]
[Round "2"]
[White "Sethuraman, Sandeep"]
[Black "Samusenko, Maksim"]
[Result "0-1"]
[WhiteElo "2598"]
[BlackElo "2427"]
[PlyCount "140"]
[EventDate "2023.10.22"]
[EventType "swiss"]
[EventRounds "10"]
[EventCountry "KAZ"]
[SourceTitle "EXT 2025"]
[Source "ChessBase"]
[SourceDate "2024.10.14"]
[SourceVersion "1"]
[SourceVersionDate "2024.10.14"]
[SourceQuality "1"]

1. e4 c5 2. Nf3 e6 3. d4 cxd4 4. Nxd4 Nf6 5. Nc3 Nc6 6. Bf4 d6 7. Bg3 e5 8. Nxc6 bxc6 9. Bc4 Be7 10. Qd3 Rb8 11. 0-0-0 Qb6 12. Bb3 Nd7 13. f4 0-0 14. Na4 Qa5 15. Be1 Qa6 16. f5 Qxd3 17. cxd3 Bg5+ 18. Kb1 Be3 19. Ba5 Nb6 20. Rhe1 Bd4 21. Nc3 Ba6 22. Ne2 Be3 23. Nc3 Bd4 24. Ne2 Be3 25. Rf1 Rfd8 26. Rf3 Bg5 27. Nc3 Rd7 28. g4 h6 29. Rh1 d5 30. h4 Bd2 31. Bxb6 axb6 32. Kc2 Bf4 33. exd5 cxd5 34. Bxd5 Rxd5 35. Nxd5 Bb7 36. Nxf4 Bxf3 37. Rf1 Bxg4 38. Nd5 Rc8+ 39. Kd2 Rd8 40. Nxb6 e4 41. Ke3 exd3 42. Nc4 Re8+ 43. Kd2 Re4 44. Ne3 Be2 45. Rh1 g5 46. fxg6 fxg6 47. Nd5 Kg7 48. Nc3 Rb4 49. b3 Bf3 50. Rh3 Bg4 51. Rh2 Bf5 52. Nd5 Rb5 53. Ne3 Be4 54. Kc3 g5 55. a4 Rb8 56. b4 Rc8+ 57. Kd2 g4 58. Nxg4 Rc2+ 59. Ke3 h5 60. Kxe4 Rxh2 61. Nxh2 d2 62. Nf3 d1Q 63. b5 Qe2+ 64. Kf4 Qc4+ 65. Ke5 Qc5+ 66. Ke4 Qb4+ 67. Nd4 Qxa4 68. Kd5 Kf6 69. Kc5 Ke7 70. b6 Kd7 0-1